Sheʼelot u-teshuvot. (Record no. 32387)

MARC details
000 -LEADER
fixed length control field 00629cam a22002291 4500
001 - CONTROL NUMBER
control field he 67000985
003 - CONTROL NUMBER IDENTIFIER
control field DLC
005 - DATE AND TIME OF LATEST TRANSACTION
control field 20260227111447.0
008 - FIXED-LENGTH DATA ELEMENTS--GENERAL INFORMATION
fixed length control field 830616s1881 li 000 0 heb
010 ## - LIBRARY OF CONGRESS CONTROL NUMBER
LC control number he 67000985
035 ## - SYSTEM CONTROL NUMBER
System control number (OCoLC)19152674
040 ## - CATALOGING SOURCE
Original cataloging agency DLC
Transcribing agency MH
Modifying agency DLC
042 ## - AUTHENTICATION CODE
Authentication code premarc
050 00 - LIBRARY OF CONGRESS CALL NUMBER
Classification number BM522.23
Item number .S45 1881
100 0# - MAIN ENTRY--PERSONAL NAME
Personal name Asher ben Jehiel,
Dates associated with a name approximately 1250-1327.
245 10 - TITLE STATEMENT
Title Sheʼelot u-teshuvot.
250 ## - EDITION STATEMENT
Edition statement Yotse la-or paʻam ḥamishit.
260 ## - PUBLICATION, DISTRIBUTION, ETC.
Place of publication, distribution, etc. Vilna :
Name of publisher, distributor, etc. Y.L. Mets,
Date of publication, distribution, etc. 641 [1881]
300 ## - PHYSICAL DESCRIPTION
Extent xii, 208 p. ;
Dimensions 36 cm.
650 #0 - SUBJECT ADDED ENTRY--TOPICAL TERM
Topical term or geographic name entry element Responsa
Chronological subdivision 1040-1600.
752 ## - ADDED ENTRY--HIERARCHICAL PLACE NAME
Country or larger entity Lithuania
City Vilna

No items available.

Powered by Koha